MDQL
is popping MORE tags! Check the
thread
!
Quizzes
Events
Quiz Creation
Community
Videos
Private Events
Remove Ads
Sign In
Join for FREE
Feedback
Dark Mode
Quiz Categories
Sports
Geography
Music
Movies
Television
Just For Fun
Miscellaneous
History
Literature
Language
Science
Gaming
Entertainment
Religion
Holiday
For Kids
Quiz Lab
Recent
Popular Today
Quiz Kudos Today
Editor Picks
Curator Picks
Quizzes by...
Day
Popularity
Type
Ratings
Length
Year
Community
Subscriptions
Recent Discussions
Orange Saloon
Badges
Playlists
Quests
Create
Leaderboards
Showdown
Live 5
Trivia Bingo
Activity
Puzzle Library
Sporcle Events
Private Events
Virtual Trivia
Globe League
Become a Host
Pub Owners
SporcleCon
Opinionation
Our Games
Videos
Blog
Mobile Apps
Partnerships
Remove Ads and Go Orange
Feedback
Gaming
Video Games
Board Games
Card Games
Pokémon
Mario
Nintendo
Minecraft
Console
Toys
Legend of Zelda
Gaming
Video Games
Board Games
Card Games
Pokémon
Mario
Nintendo
Minecraft
Console
Toys
Legend of Zelda
Random Quiz
Search Sporcle
×
Quiz Lab
Quiz Lab
Gaming
Party
Type in answers that appear in a list
Type in answers that appear in a list
Classic
Best Score? Go Orange.
Wii Party Modes Stats
Can you name the modes in Wii Party?
By
jatekos101
8m
20 Questions
68 Plays
68 Plays
68 Plays
Comments
Comments
Give Quiz Kudos
Give Quiz Kudos
-
- Ratings
hide this ad
More Info
Replay
Link that replays current quiz
Next Quiz
Link to next quiz in quiz playlist
You Got
0%
They Got
Avg Score
48%
Avg Friend Score
Upgrade to see
Score Distribution
Jump to the score distribution portion of the page
Score
0/20
Timer
08:00
0
Plays Today
Hint
Mode
% Correct
Party Games
Bingo
83.8%
Party Games
Board Game Island
82.4%
Party Games
Globe Trot
79.4%
Pair Games
Balance Boat
64.7%
Party Games
Mii of a Kind
58.8%
Pair Games
Friend Connection
57.4%
Party Games
Spin-Off
55.9%
House Party
Word Bomb
52.9%
House Party
Time Bomb
51.5%
Pair Games
Match-Up
45.6%
Hint
Mode
% Correct
Minigames
Solo
45.6%
Minigames
Free Play
42.6%
Minigames
Battle
39.7%
Minigames
Spot the Sneak
39.7%
House Party
Buddy Quiz
38.2%
House Party
Hide 'n' Hunt
33.8%
House Party
Animal Tracker
32.4%
Minigames
Challenge
29.4%
Others
Suggestions
19.1%
Others
Rankings
17.6%
Quiz Playlist
Details
Report
Send in Message
Add To Playlist
More Info:
Note: in the Minigames section, enter the modes only consisting of minigames, not the minigames themselves.
Classic:
Type in answers that appear in a list
Last Updated: Feb 16, 2017
Quiz Scoreboard
CHALLENGE
Sign Up to Join the Scoreboard
Show All
Scores
Hide
Comments
May contain spoilers
Recently Published
1-10 Letter E Words III
by El_Dandy
Language
2m
Street Fighter Characters
by Artimus82
Gaming
60s
College Basketball Coaching Resumes
by pancakes188
Sports
9m
More to Explore
Quiz From the Vault
Featured Blog Post
Where Did the Easter Bunny Come From?
hide this ad
You Might Also Like...
Tags
mode
Party
Wii
Today's Top Quizzes in Gaming
Browse Gaming
hide this ad
Today's Top Quizzes in Party
Browse Party
Top Contributed Quizzes in Gaming
1
5-to-1: Consoles
2
7-to-1: Board Game Piece Blitz
3
5-to-1: Legend of Zelda
4
League of Legends Pro Players by Career/Team History
5
Destiny 2 exotic weapons by perk icons
6
Ultimate Genshin Impact Logic Puzzle (up to 4.3)
7
Franchise by Action Figure
8
Who's on the WWE 2K24 Cover?
9
Genshin Impact Logic Puzzle Quiz
10
Order the Pokémon Regions
Explore More
Trending Topics
Marvel
Kpop
Anime
Crossword
NBA
Disney
Harry Potter
Country
The Office
Puzzle
Pokémon
Soccer
Song
WWE
NFL
hide this ad
More By:
jatekos101
Quiz
Plays
Rating
Category
Featured
Created
2 Minute Math (Be Careful!)
2,499
3.80
Science
Jan 31, 2014
Boolean Math
2,301
4.83
Science
Feb 21, 2014
ASCII Characters
718
Just For Fun
Feb 1, 2014
Mistakes Yakko made
295
4.33
Geography
Feb 26, 2014
Odd Letter Out
238
3.75
Just For Fun
Feb 1, 2014
Go to Creator's Profile
Score Distribution
Quiz Creator Spotlight
jatekos101
Follow
Send a Message
Quizzes Created
-
Created Quiz Play Count
-
More By This Creator
Popular Quizzes Today
1
Find the US States - No Outlines Minefield
2
Find the Countries of Europe - No Outlines Minefield
3
The Countries of the World
4
Find the US States
5
Risky Map Clicking: Biggest States A-Z
6
US States
7
Popular People in 1961
8
Movies - When Are They Set?
More Gaming Quizzes
Is It Really Mario?
Editor's Pick
Trending Quizzes
Risky Map Clicking: Least Populous States A-Z
Billboard Blitz: Aretha Franklin
1-10 Letter G Words
Countries of the World: 200 Million BC
1-10 Letter F Words
Recently Updated
Leaping Animals
pecheneg
Reality TV Shows (A-Z)
bhenderson79
Rickey Henderson's Hall of Fame Teammates
pecheneg
Champions League XIs: Arsenal
pecheneg
Quick Pick: Celebrities in WWE's Hall of Fame
aduchscher
A-Z Keypad Blitz II
pecheneg
Multiple Oscar Actors
pecheneg
Mystery Phrase Blitz: Oscar 'Best Actors'
pecheneg
F. Scott Fitzgerald Novels
LTH
Pick 3 Villains
ddd62291
Trending Topics
Crossword
NBA
Anime
Disney
Kpop
Harry Potter
Marvel
NFL
Country
The Office
Puzzle
WWE
Pokémon
Soccer
Song
Your Account Isn't Verified!
In order to create a playlist on Sporcle, you need to verify the email address you used during registration. Go to your
Sporcle Settings
to finish the process.
Report this User
Report this user for behavior that violates our
Community Guidelines
.
Details:
Send Report
Go to the Sporcle.com Mobile Site →
Comments